MARC details
| 000 -CABECERA |
| campo de control de longitud fija |
01389nam a2200241 a 4500 |
| 001 - NÚMERO DE CONTROL |
| campo de control |
000017812 |
| 005 - FECHA Y HORA DE LA ÚLTIMA TRANSACCIÓN |
| campo de control |
20240412074248.0 |
| 008 - DATOS DE LONGITUD FIJA--INFORMACIÓN GENERAL |
| campo de control de longitud fija |
100406t1992 dr ach 001 0bspa d |
| 040 ## - FUENTE DE LA CATALOGACIÓN |
| Centro catalogador/agencia de origen |
DO-SdBNP |
| Lengua de catalogación |
spa |
| Centro/agencia transcriptor |
BNPHU |
| 082 ## - NÚMERO DE LA CLASIFICACIÓN DECIMAL DEWEY |
| Número de clasificación |
928.61 |
| Número de documento/Ítem |
D353r |
| 100 1# - ENTRADA PRINCIPAL--NOMBRE DE PERSONA |
| Nombre de persona |
Roca, Frank A. |
| 9 (RLIN) |
36630 |
| 245 10 - MENCIÓN DE TÍTULO |
| Título |
Gastón Fernando Deligne : |
| Resto del título |
semblanza / |
| Mención de responsabilidad, etc. |
Frank A. Roca. |
| 260 ## - PUBLICACIÓN, DISTRIBUCIÓN, ETC. |
| Lugar de publicación, distribución, etc. |
Santo Domingo : |
| Nombre del editor, distribuidor, etc. |
Comisión Organizadora Permanente de la Feria Nacional del Libro, |
| Fecha de publicación, distribución, etc. |
1992. |
| 300 ## - DESCRIPCIÓN FÍSICA |
| Extensión |
97 p. : |
| Otras características físicas |
il., facsíms., retrs. ; |
| Dimensiones |
22 cm. |
| 500 ## - NOTA GENERAL |
| Nota general |
Incluye referencias bibliográficas y notas al pie de las páginas. |
| 504 ## - NOTA DE BIBLIOGRAFÍA, ETC. |
| Nota de bibliografía, etc. |
Bibliografía : p. 92-96. |
| 505 0# - NOTA DE CONTENIDO CON FORMATO |
| Nota de contenido con formato |
Liminar in memoriam -- |
| Título |
Notas biográficas -- |
| -- |
Producción poética -- |
| -- |
La prosa de Deligne -- |
| -- |
Su amistad con Federico Henríquez y Carvajal -- |
| -- |
Su rechazo al título de Poeta Nacional -- |
| -- |
Evocando la apoteósis de 1976 -- |
| -- |
Final. Consagración del poeta como Prócer civil -- |
| -- |
Ingreso al Panteón Nacional (reseñas periodísticas) -- |
| -- |
Obras de Gastón F. Deligne -- |
| -- |
Fuentes documentales -- |
| -- |
Bibliografía citada. |
| 586 ## - NOTA DE PREMIOS |
| Nota de premios |
Primer premio en el concurso Centenario de la Provincia de San Pedro de Macorís, Universidad Central del Este, 1982. |
| 600 14 - PUNTO DE ACCESO ADICIONAL DE MATERIA--NOMBRE DE PERSONA |
| Nombre de persona |
DELIGNE, GASTÓN FERNANDO, |
| Fechas asociadas al nombre |
1861-1913 |
| 9 (RLIN) |
38709 |
| 650 #4 - PUNTO DE ACCESO ADICIONAL DE MATERIA--TÉRMINO DE MATERIA |
| Término de materia o nombre geográfico como elemento de entrada |
Autores dominicanos |
| 9 (RLIN) |
1890 |
| 650 #0 - PUNTO DE ACCESO ADICIONAL DE MATERIA--TÉRMINO DE MATERIA |
| Término de materia o nombre geográfico como elemento de entrada |
Literatura dominicana. |
| 9 (RLIN) |
67 |
| 910 ## - DATOS DE OPCIÓN DEL USUARIO (OCLC) |
| Datos de opción del usuario |
Validado. Control de calidad EMS. |